000 00567nam a22001817a 4500
005 20180319152201.0
010 _aENG-122337
020 _a9788126922086
_c895.00
035 _aEN-105869
037 _bDBAD/PUB
082 _a954.042
100 _aHaridas, N
245 _aThe next India-China war :
_bnear or never/
_cby N. Haridas
260 _aNew Delhi
_bAtlantic Publishers
_cc2016
270 _a7/22 Ansari Road , Daryaganj
_bNew Delhi
_e110002
_k40775252
_l23285873
300 _av.1 (x,305p.)
_c23cm.(Hb)
942 _2ddc
_cEN
_h954.042
_mHAR
999 _c150412
_d150412